000 01519cab a2200253 4500
001 ABS47618
008 090401t1992 xxu||||| |||| 00| 0 eng d
035 _a(Sirsi) u62664
041 _aeng
245 _aBlackadder v Grampian Regional Council
260 _c1992
350 _a0
490 _aEstates Gazette
_v(1992) 48 EG 119-120; 49 EG 107-111(7)
520 _aLTS 18 March 1992. B served a blight notice on G in respect of her interest in a property. G did not serve a counternotice and were deemed to have acquired B`s interest compulsorily. B sought £113,600 compensation - including temporary loss of profits to a guest house business. G contended that the proper sum was £71,845 and disputed that B ran any business from the property at the relevant time. G also deducted money from the value for essential repairs and vandalism. It was "held" that the valuation was £93,000 at an agreed date. The reason for damage to the property was B leaving it before G took possession, and therefore B should bear that loss. No compensation was payable for loss of business, however B was to be compensated for loss of income due to the blight created by the scheme.
650 _aBLIGHT NOTICES
650 _aCOMPENSATION
650 _aCompulsory purchase
_96228
650 _aCOUNTER NOTICE
650 _aDISPUTED COMPENSATION
650 _aSCOTLAND
690 _aENVIRONMENTAL AND LAND CONSULTANCY-PLANNING AND DEVELOPMENT-COMPULSORY PURCHASE AND COMPENSATION
942 _n0
948 _c04/03/1997
999 _c38910
_d38910